Running Back Mile Club - Statistics

General Stats
  • This quiz has been taken 17 times
  • The average score is 20 of 23
Answer Stats
Year Answer % Correct
2008 Adrian Peterson
100%
2012 Adrian Peterson
100%
2006 LaDainian Tomlinson
100%
1994 Barry Sanders
94%
1997 Barry Sanders
94%
1995 Emmitt Smith
94%
1983 Eric Dickerson
94%
1984 Eric Dickerson
94%
1986 Eric Dickerson
94%
1963 Jim Brown
94%
1973 OJ Simpson
94%
1975 OJ Simpson
94%
1977 Walter Payton
94%
1998 Terrell Davis
88%
2003 Ahman Green
81%
1980 Earl Campbell
81%
2009 Chris Johnson
75%
2014 DeMarco Murray
75%
2005 Shaun Alexander
75%
2003 Jamal Lewis
69%
2002 Ricky Williams
69%
2005 Tiki Barber
69%
1998 Jamal Anderson
44%
No matching quizzes found
Score Distribution
Percent of People with Each Score
Percentile by Number Answered
Your Score History
You have not taken this quiz